[Event "2nd She Plays to Win"]
[Site "Edinburgh"]
[Date "2023.02.17"]
[Round "5.2"]
[White "Hryshchenko, Kamila"]
[Black "Varney, Zoe"]
[Result "1-0"]
[WhiteElo "2147"]
[BlackElo "1937"]
[PlyCount "75"]
[EventDate "2023.02.15"]
[EventType "tourn"]
[EventRounds "9"]
[EventCountry "SCO"]
[SourceTitle "BritBase"]
[Source "John Saunders"]
[SourceDate "2023.02.21"]
[SourceVersion "1"]
[SourceVersionDate "2023.02.21"]
[SourceQuality "1"]

1. e4 e5 2. Nf3 Nc6 3. Bb5 a6 4. Ba4 Nf6 5. d3 b5 6. Bb3 Bc5 7. O-O h6 8. c3 d6
9. Nbd2 Rb8 10. a4 O-O 11. axb5 axb5 12. h3 Bb6 13. Re1 Ne7 14. Nf1 Ng6 15. d4
Re8 16. Ng3 Bb7 17. Qd3 Qd7 18. d5 Bc8 19. Bc2 Nf4 20. Bxf4 exf4 21. Nf5 g6 22.
N5d4 Bb7 23. Qd2 Nh5 24. Bd3 c6 25. Rac1 Bxd4 26. Nxd4 f3 27. g4 c5 28. Bxb5
Qe7 29. Nxf3 Nf6 30. Bxe8 Nxe4 31. Qxh6 Rxe8 32. Rxe4 Qxe4 33. Ng5 Qxd5 34.
Qh7+ Kf8 35. Qh8+ Ke7 36. Re1+ Kd7 37. Qxe8+ Kc7 38. Qxf7+ 1-0

[Event "2nd She Plays to Win"]
[Site "Edinburgh"]
[Date "2023.02.17"]
[Round "5.3"]
[White "Sucikova, Svetlana"]
[Black "Arakhamia-Grant, Ketevan"]
[Result "1-0"]
[WhiteElo "2205"]
[BlackElo "2320"]
[PlyCount "89"]
[EventDate "2023.02.15"]
[EventType "tourn"]
[EventRounds "9"]
[EventCountry "SCO"]
[SourceTitle "BritBase"]
[Source "John Saunders"]
[SourceDate "2023.02.21"]
[SourceVersion "1"]
[SourceVersionDate "2023.02.21"]
[SourceQuality "1"]

1. Nf3 g6 2. g3 Bg7 3. Bg2 e5 4. e4 d6 5. d4 Nd7 6. c3 Ngf6 7. Qc2 O-O 8. O-O
Qe7 9. Nbd2 b6 10. b3 Bb7 11. Bb2 c5 12. dxe5 dxe5 13. Rfe1 Rad8 14. Nc4 b5 15.
Ncd2 Ne8 16. a4 b4 17. Nc4 Nd6 18. Nxd6 Qxd6 19. Rad1 Qb8 20. cxb4 cxb4 21. a5
Rc8 22. Qd2 Bc6 23. Bh3 f5 24. Ng5 Nc5 25. Bf1 h6 26. Bc4+ Kh8 27. exf5 hxg5
28. Qxg5 Rxf5 29. Qxg6 Rf6 30. Qh5+ Rh6 31. Qxh6+ Bxh6 32. Bxe5+ Qxe5 33. Rxe5
Bf3 34. Rd6 Bf8 35. Rg6 Nxb3 36. Rf5 Nd2 37. Rg8+ Kh7 38. Rgxf8 Rxc4 39. Rxf3
b3 40. R3f7+ Kg6 41. Rb7 Rc2 42. Rfb8 Ra2 43. Rxb3 Nxb3 44. Rxb3 Rxa5 45. Rb7
1-0

[Event "2nd She Plays to Win"]
[Site "Edinburgh"]
[Date "2023.02.17"]
[Round "5.4"]
[White "Keetman, Maaike"]
[Black "Henderson De La Fuente, Andrea"]
[Result "1-0"]
[WhiteElo "2164"]
[BlackElo "1989"]
[PlyCount "115"]
[EventDate "2023.02.15"]
[EventType "tourn"]
[EventRounds "9"]
[EventCountry "SCO"]
[SourceTitle "BritBase"]
[Source "John Saunders"]
[SourceDate "2023.02.21"]
[SourceVersion "1"]
[SourceVersionDate "2023.02.21"]
[SourceQuality "1"]

1. e4 c5 2. Nc3 e6 3. Nge2 a6 4. d4 cxd4 5. Nxd4 Qc7 6. Bd3 Nf6 7. Qe2 Bb4 8.
Bd2 d6 9. O-O Bc5 10. Nb3 Ba7 11. Kh1 Nbd7 12. f4 b5 13. a4 b4 14. Na2 a5 15.
c3 Nc5 16. Nd4 Nxd3 17. Nb5 Nf2+ 18. Rxf2 Qc6 19. Rf3 O-O 20. cxb4 Ba6 21. Nxa7
Bxe2 22. Nxc6 Nxe4 23. Re3 Nxd2 24. Rxe2 Nb3 25. Rd1 axb4 26. Re3 Rxa4 27. Rxb3
Rxa2 28. Rxb4 d5 29. Kg1 g6 30. Rb1 Kg7 31. Rb8 Rxb8 32. Nxb8 Kf6 33. b4 d4 34.
Rd1 e5 35. Nd7+ Kf5 36. Nxe5 Ke4 37. Nxf7 d3 38. Ne5 d2 39. Kf2 Rb2 40. g3 g5
41. Nc4 Rxb4 42. Nxd2+ Kf5 43. fxg5 Kxg5 44. Nf3+ Kg6 45. Rd6+ Kg7 46. Ke3 Ra4
47. Rd4 Ra2 48. Kf4 Rf2 49. Rd3 Kg6 50. Kg4 h5+ 51. Kh4 Kh6 52. h3 Rf1 53. Rd6+
Kg7 54. Ng5 Rg1 55. Ne4 Re1 56. Re6 Rh1 57. Re5 Kg6 58. Rg5+ 1-0

[Event "2nd She Plays to Win"]
[Site "Edinburgh"]
[Date "2023.02.17"]
[Round "5.5"]
[White "Rojickova, Monika"]
[Black "Cooke, Suzie G"]
[Result "1-0"]
[WhiteElo "2101"]
[BlackElo "1941"]
[PlyCount "111"]
[EventDate "2023.02.15"]
[EventType "tourn"]
[EventRounds "9"]
[EventCountry "SCO"]
[SourceTitle "BritBase"]
[Source "John Saunders"]
[SourceDate "2023.02.21"]
[SourceVersion "1"]
[SourceVersionDate "2023.02.21"]
[SourceQuality "1"]

1. e4 e6 2. d4 d5 3. e5 c5 4. c3 Nc6 5. Nf3 Bd7 6. Be2 Qb6 7. O-O Nh6 8. dxc5
Bxc5 9. b4 Bf8 10. Bd3 g6 11. Qe2 a6 12. Re1 Bg7 13. Be3 Qc7 14. Bc5 Ne7 15. a4
Nef5 16. a5 Bc6 17. Nbd2 Bf8 18. Bb6 Qc8 19. h3 Bg7 20. Bc5 Bf8 21. Bxf8 Kxf8
22. g4 Ng7 23. Nd4 Bd7 24. Rac1 Qd8 25. Kg2 Ng8 26. f4 h5 27. N2f3 Rc8 28. Ng5
Ne7 29. Qe3 Nc6 30. Nb3 Ne7 31. Rf1 Bc6 32. Nd4 Bd7 33. Be2 Kg8 34. Rfd1 Nc6
35. Nb3 Ne7 36. Nc5 Bc6 37. Nf3 Qc7 38. Nd4 Be8 39. Rg1 Nc6 40. Nf3 Qe7 41. Kf2
Nxa5 42. Bd3 Nc4 43. Qd4 Bc6 44. f5 exf5 45. gxf5 gxf5 46. Bxf5 Re8 47. e6 f6
48. Bg6 Rd8 49. Bf7+ Kf8 50. Nh4 Ne5 51. Qxe5 Qxf7 52. e7+ Ke8 53. exd8=Q+ Kxd8
54. Qd6+ Kc8 55. Rce1 d4 56. Rxg7 1-0

[Event "2nd She Plays to Win"]
[Site "Edinburgh"]
[Date "2023.02.17"]
[Round "6.1"]
[White "Steil-Antoni, Fiona"]
[Black "Cooke, Suzie G"]
[Result "1-0"]
[WhiteElo "2195"]
[BlackElo "1941"]
[PlyCount "203"]
[EventDate "2023.02.15"]
[EventType "tourn"]
[EventRounds "9"]
[EventCountry "SCO"]
[SourceTitle "BritBase"]
[Source "John Saunders"]
[SourceDate "2023.02.21"]
[SourceVersion "1"]
[SourceVersionDate "2023.02.21"]
[SourceQuality "1"]

1. e4 e6 2. d4 d5 3. Nd2 c5 4. Ngf3 Nc6 5. exd5 exd5 6. Bb5 Qe7+ 7. Be2 Qc7 8.
O-O Nf6 9. dxc5 Bxc5 10. Nb3 Be7 11. c3 h6 12. Bd3 O-O 13. h3 a6 14. Be3 b5 15.
Qd2 Ne5 16. Nxe5 Qxe5 17. Bf4 Qh5 18. Rfe1 Re8 19. Re5 Qh4 20. Rae1 Ne4 21.
Bxe4 dxe4 22. Bg3 Qf6 23. R5xe4 Bb7 24. R4e2 Qc6 25. f3 Red8 26. Qe3 Bg5 27.
Qe5 Bf6 28. Qc5 Rac8 29. Qxc6 Bxc6 30. Be5 Bxe5 31. Rxe5 Bd5 32. Nd4 Kf8 33. a3
Rc7 34. Kf2 Rcd7 35. g4 g6 36. h4 Rd6 37. Kg3 R6d7 38. h5 Rd6 39. hxg6 fxg6 40.
Rh1 Kg7 41. Re7+ Bf7 42. Rhe1 Kf8 43. Ra7 Re8 44. Rxe8+ Kxe8 45. Kf4 h5 46. Ke5
Rd5+ 47. Kf6 Rd6+ 48. Kg7 Bd5 49. gxh5 gxh5 50. Nf5 Re6 51. f4 Re2 52. Nd6+ Kd8
53. f5 h4 54. Nf7+ Ke8 55. Ng5 Rg2 56. Kf6 Rg3 57. Rh7 Rg4 58. Ne6 Bxe6 59.
fxe6 Rf4+ 60. Ke5 Rf2 61. Rxh4 Rxb2 62. Kd6 Rd2+ 63. Kc5 Rd3 64. Kb4 Ke7 65.
Rh7+ Kxe6 66. Rh6+ Kd5 67. Rxa6 Rd1 68. Kxb5 Rb1+ 69. Ka4 Rb8 70. Ra7 Kc6 71.
Rh7 Kc5 72. Rc7+ Kb6 73. Rc4 Ra8+ 74. Kb4 Rh8 75. Rg4 Rh1 76. Rg6+ Kb7 77. a4
Rb1+ 78. Kc5 Ra1 79. Rg4 Ra3 80. Kb4 Ra1 81. c4 Kb6 82. Rg6+ Kb7 83. a5 Rf1 84.
Kb5 Rb1+ 85. Kc5 Ka7 86. Kc6 Rc1 87. Kc5 Ra1 88. Kb5 Rb1+ 89. Kc6 Rc1 90. Rg7+
Ka6 91. c5 Rc2 92. Rg8 Kxa5 93. Rg1 Kb4 94. Rb1+ Kc4 95. Kb6 Kd5 96. Rd1+ Ke6
97. c6 Rb2+ 98. Kc7 Rc2 99. Re1+ Kd5 100. Kd7 Rh2 101. c7 Rh7+ 102. Re7 1-0

[Event "2nd She Plays to Win"]
[Site "Edinburgh"]
[Date "2023.02.17"]
[Round "6.2"]
[White "Henderson De La Fuente, Andrea"]
[Black "Rojickova, Monika"]
[Result "1/2-1/2"]
[WhiteElo "1989"]
[BlackElo "2101"]
[PlyCount "120"]
[EventDate "2023.02.15"]
[EventType "tourn"]
[EventRounds "9"]
[EventCountry "SCO"]
[SourceTitle "BritBase"]
[Source "John Saunders"]
[SourceDate "2023.02.21"]
[SourceVersion "1"]
[SourceVersionDate "2023.02.21"]
[SourceQuality "1"]

1. e4 c5 2. Nc3 e6 3. Nf3 Nc6 4. d4 cxd4 5. Nxd4 Qc7 6. g3 a6 7. Bg2 Bc5 8. Be3
d6 9. O-O Nge7 10. Nxc6 Nxc6 11. Bxc5 dxc5 12. f4 Bd7 13. e5 Nd4 14. Ne4 Nf5
15. Qe1 h5 16. Rd1 O-O-O 17. Qf2 h4 18. g4 h3 19. Bf3 Nd4 20. Nd6+ Kb8 21. Bxb7
Bc6 22. Bxc6 Qxc6 23. c3 Rh4 24. Rd3 Rxg4+ 25. Rg3 Rxg3+ 26. hxg3 h2+ 27. Qxh2
Nf3+ 28. Rxf3 Qxf3 29. Qh4 g5 30. fxg5 Qe3+ 31. Kg2 Qe2+ 32. Kg1 Qxe5 33. Ne4
Rd1+ 34. Kf2 Qd5 35. Qf4+ e5 36. Qe3 Rb1 37. b3 Rb2+ 38. Ke1 Rxa2 39. Nd2 Kc7
40. Nf3 Ra1+ 41. Kf2 Ra2+ 42. Ke1 Kd6 43. c4 Qe6 44. Nd2 Ra1+ 45. Ke2 Qg4+ 46.
Kd3 Rd1 47. Kc2 Rxd2+ 48. Qxd2+ Qd4 49. Qa5 Qe4+ 50. Kd2 Qg2+ 51. Kd1 Qg1+ 52.
Kc2 Qf2+ 53. Kd1 Qd4+ 54. Kc2 Ke6 55. Qxa6+ Kf5 56. Qf6+ Ke4 57. Qxf7 Qd3+ 58.
Kb2 Qd2+ 59. Ka3 Qb4+ 60. Kb2 Qd2+ 1/2-1/2

[Event "2nd She Plays to Win"]
[Site "Edinburgh"]
[Date "2023.02.17"]
[Round "6.3"]
[White "Arakhamia-Grant, Ketevan"]
[Black "Keetman, Maaike"]
[Result "1-0"]
[WhiteElo "2320"]
[BlackElo "2164"]
[PlyCount "71"]
[EventDate "2023.02.15"]
[EventType "tourn"]
[EventRounds "9"]
[EventCountry "SCO"]
[SourceTitle "BritBase"]
[Source "John Saunders"]
[SourceDate "2023.02.21"]
[SourceVersion "1"]
[SourceVersionDate "2023.02.21"]
[SourceQuality "1"]

1. e4 c5 2. Nf3 d6 3. Bb5+ Bd7 4. Bxd7+ Nxd7 5. O-O Ngf6 6. Re1 e6 7. d4 cxd4
8. Nxd4 Be7 9. Nc3 a6 10. a4 Qa5 11. Nb3 Qc7 12. Bf4 O-O 13. Qe2 Rfd8 14. Rad1
Ne5 15. Bc1 Rac8 16. f4 Nc4 17. Kh1 Bf8 18. Rd3 g6 19. Rh3 Bg7 20. Rf1 d5 21.
e5 Nd7 22. Qg4 Nf8 23. Qh4 Rb8 24. Nd4 Qc5 25. Nce2 b5 26. axb5 axb5 27. b3 Na5
28. b4 Qxb4 29. Ba3 Qc4 30. Be7 Re8 31. Rc3 Qa4 32. Ra3 g5 33. Qxg5 h6 34. Qg3
Rxe7 35. Rxa4 bxa4 36. f5 1-0

[Event "2nd She Plays to Win"]
[Site "Edinburgh"]
[Date "2023.02.17"]
[Round "6.4"]
[White "Varney, Zoe"]
[Black "Sucikova, Svetlana"]
[Result "1/2-1/2"]
[WhiteElo "1937"]
[BlackElo "2205"]
[PlyCount "63"]
[EventDate "2023.02.15"]
[EventType "tourn"]
[EventRounds "9"]
[EventCountry "SCO"]
[SourceTitle "BritBase"]
[Source "John Saunders"]
[SourceDate "2023.02.21"]
[SourceVersion "1"]
[SourceVersionDate "2023.02.21"]
[SourceQuality "1"]

1. e4 c6 2. Nf3 d5 3. d3 Bg4 4. h3 Bxf3 5. Qxf3 e6 6. g3 Nd7 7. Bg2 dxe4 8.
Qxe4 Ngf6 9. Qe2 Bd6 10. O-O O-O 11. Nd2 Re8 12. a4 a5 13. Nc4 Bc7 14. b3 Nb6
15. Bb2 Nbd5 16. Ne5 Nd7 17. f4 Bb6+ 18. d4 Nxe5 19. fxe5 Qg5 20. Rf3 Rad8 21.
Raf1 Rd7 22. Kh2 Qd8 23. R3f2 Qg5 24. Bc1 Qe7 25. Bxd5 Rxd5 26. Rxf7 Qxf7 27.
Rxf7 Kxf7 28. Qh5+ Kf8 29. Qxh7 Bxd4 30. Qh8+ Kf7 31. Qh5+ Kf8 32. Qh8+ 1/2-1/2

[Event "2nd She Plays to Win"]
[Site "Edinburgh"]
[Date "2023.02.17"]
[Round "6.5"]
[White "Head, Louise"]
[Black "Hryshchenko, Kamila"]
[Result "1/2-1/2"]
[WhiteElo "2020"]
[BlackElo "2147"]
[PlyCount "64"]
[EventDate "2023.02.15"]
[EventType "tourn"]
[EventRounds "9"]
[EventCountry "SCO"]
[SourceTitle "BritBase"]
[Source "John Saunders"]
[SourceDate "2023.02.21"]
[SourceVersion "1"]
[SourceVersionDate "2023.02.21"]
[SourceQuality "1"]

1. d4 d6 2. c4 g6 3. Nc3 Bg7 4. e4 Nf6 5. Be3 c5 6. Be2 O-O 7. d5 e5 8. g4 Qa5
9. f3 h5 10. g5 Nh7 11. Qd2 Bd7 12. h4 Na6 13. Nh3 Nc7 14. Nb5 Qb6 15. a4 Nxb5
16. cxb5 Qd8 17. Bc4 f6 18. Qg2 Qe7 19. b3 Rf7 20. O-O-O Bxh3 21. Rxh3 fxg5 22.
hxg5 Raf8 23. Rg1 Rf4 24. Be2 Qc7 25. Kb1 Qa5 26. Kc2 Rc8 27. Bd2 Qd8 28. Qg3
Qe7 29. Rh4 Rxh4 30. Qxh4 Nf8 31. Qh3 Re8 32. Bc4 Qc7 1/2-1/2

[Event "2nd She Plays to Win"]
[Site "Edinburgh"]
[Date "2023.02.18"]
[Round "7.1"]
[White "Hryshchenko, Kamila"]
[Black "Steil-Antoni, Fiona"]
[Result "0-1"]
[WhiteElo "2147"]
[BlackElo "2195"]
[PlyCount "96"]
[EventDate "2023.02.15"]
[EventType "tourn"]
[EventRounds "9"]
[EventCountry "SCO"]
[SourceTitle "BritBase"]
[Source "John Saunders"]
[SourceDate "2023.02.21"]
[SourceVersion "1"]
[SourceVersionDate "2023.02.21"]
[SourceQuality "1"]

1. e4 e5 2. Nf3 Nc6 3. Bb5 g6 4. O-O Bg7 5. Re1 Nge7 6. c3 a6 7. Bf1 O-O 8. Na3
d6 9. h3 h6 10. d4 exd4 11. cxd4 Kh7 12. Bf4 f5 13. e5 dxe5 14. dxe5 Be6 15.
Nc2 Qe8 16. Bd2 Rd8 17. Qe2 Qf7 18. b3 Rfe8 19. Rac1 Rd7 20. g3 Kh8 21. Bg2 g5
22. Bxg5 Ng6 23. Bd2 Bd5 24. Bc3 f4 25. Ncd4 Ncxe5 26. Nxe5 Rxe5 27. Bxd5 Qxd5
28. Qc2 fxg3 29. Rxe5 gxf2+ 30. Kxf2 Nxe5 31. Qe2 c5 32. Rd1 cxd4 33. Bxd4 Rf7+
34. Kg3 Qf3+ 35. Qxf3 Rxf3+ 36. Kg2 Rd3 37. Rxd3 Nxd3 38. Be3 Nb4 39. a4 Nd5
40. Bd2 Kg8 41. Kf3 Kf7 42. Ke4 Ke6 43. Be1 Be5 44. Bd2 h5 45. Bg5 Nc3+ 46. Kd3
Kd5 47. Bh4 Ne4 48. Ke2 Nc5 0-1

[Event "2nd She Plays to Win"]
[Site "Edinburgh"]
[Date "2023.02.18"]
[Round "7.2"]
[White "Sucikova, Svetlana"]
[Black "Head, Louise"]
[Result "1-0"]
[WhiteElo "2205"]
[BlackElo "2020"]
[PlyCount "71"]
[EventDate "2023.02.15"]
[EventType "tourn"]
[EventRounds "9"]
[EventCountry "SCO"]
[SourceTitle "BritBase"]
[Source "John Saunders"]
[SourceDate "2023.02.21"]
[SourceVersion "1"]
[SourceVersionDate "2023.02.21"]
[SourceQuality "1"]

1. Nf3 d5 2. g3 c5 3. Bg2 e6 4. O-O Nf6 5. d4 cxd4 6. Nxd4 e5 7. Nb3 h6 8. c4
e4 9. Nc3 Na6 10. Nxd5 Nxd5 11. cxd5 f5 12. f3 Qb6+ 13. Kh1 exf3 14. Bxf3 Be7
15. Bf4 Bd7 16. d6 Bf6 17. Qd5 Nb4 18. Bh5+ Kd8 19. Qd2 Nd5 20. Bf3 Nxf4 21.
Qxf4 Re8 22. Rfd1 Rc8 23. Qd2 Rc4 24. Na5 Rce4 25. Rac1 R8e5 26. Nc4 Rxc4 27.
Rxc4 Rb5 28. b3 Rc5 29. Rxc5 Qxc5 30. Bxb7 Qb5 31. Bf3 Be6 32. Qe3 Qd7 33. Qc5
Bg5 34. h4 Bf6 35. Bc6 Qc8 36. Qa5+ 1-0

[Event "2nd She Plays to Win"]
[Site "Edinburgh"]
[Date "2023.02.18"]
[Round "7.3"]
[White "Keetman, Maaike"]
[Black "Varney, Zoe"]
[Result "1-0"]
[WhiteElo "2164"]
[BlackElo "1937"]
[PlyCount "49"]
[EventDate "2023.02.15"]
[EventType "tourn"]
[EventRounds "9"]
[EventCountry "SCO"]
[SourceTitle "BritBase"]
[Source "John Saunders"]
[SourceDate "2023.02.21"]
[SourceVersion "1"]
[SourceVersionDate "2023.02.21"]
[SourceQuality "1"]

1. e4 e5 2. Nf3 Nc6 3. Bb5 Nge7 4. Nc3 Ng6 5. d4 exd4 6. Nxd4 Bc5 7. Be3 Nxd4
8. Bxd4 Bxd4 9. Qxd4 c6 10. Be2 O-O 11. O-O-O b5 12. h4 Nf4 13. Bg4 Qa5 14. Qd6
b4 15. Nb1 Ne6 16. f4 h5 17. Bh3 Nc5 18. Rhe1 Nb7 19. Qd2 c5 20. Qd5 Rb8 21.
Qxh5 Qxa2 22. Bf5 g6 23. Bxg6 fxg6 24. Qxg6+ Kh8 25. Rd5 1-0

[Event "2nd She Plays to Win"]
[Site "Edinburgh"]
[Date "2023.02.18"]
[Round "7.4"]
[White "Rojickova, Monika"]
[Black "Arakhamia-Grant, Ketevan"]
[Result "0-1"]
[WhiteElo "2101"]
[BlackElo "2320"]
[PlyCount "48"]
[EventDate "2023.02.15"]
[EventType "tourn"]
[EventRounds "9"]
[EventCountry "SCO"]
[SourceTitle "BritBase"]
[Source "John Saunders"]
[SourceDate "2023.02.21"]
[SourceVersion "1"]
[SourceVersionDate "2023.02.21"]
[SourceQuality "1"]

1. e4 c5 2. c3 e5 3. d4 cxd4 4. cxd4 exd4 5. Nf3 Nc6 6. Nxd4 Nf6 7. Nc3 Bb4 8.
Nxc6 bxc6 9. Bd3 O-O 10. O-O Re8 11. Bg5 h6 12. Bh4 a5 13. f4 Qb6+ 14. Bf2 Bc5
15. e5 Bxf2+ 16. Rxf2 Nd5 17. Ne4 Ne3 18. Qh5 d5 19. Nf6+ gxf6 20. Bh7+ Kh8 21.
Qxf7 Be6 22. Qxf6+ Kxh7 23. f5 Nxf5 24. Raf1 Ne3 0-1

[Event "2nd She Plays to Win"]
[Site "Edinburgh"]
[Date "2023.02.18"]
[Round "7.5"]
[White "Cooke, Suzie G"]
[Black "Henderson De La Fuente, Andrea"]
[Result "1-0"]
[WhiteElo "1941"]
[BlackElo "1989"]
[PlyCount "83"]
[EventDate "2023.02.15"]
[EventType "tourn"]
[EventRounds "9"]
[EventCountry "SCO"]
[SourceTitle "BritBase"]
[Source "John Saunders"]
[SourceDate "2023.02.21"]
[SourceVersion "1"]
[SourceVersionDate "2023.02.21"]
[SourceQuality "1"]

1. d4 d5 2. Bf4 c5 3. e3 cxd4 4. exd4 Nc6 5. Nf3 Bg4 6. Nc3 e6 7. Be2 a6 8. O-O
Bd6 9. Ne5 Bxe2 10. Nxe2 Qc7 11. Re1 Nge7 12. Nd3 Nxd4 13. Nxd4 Bxf4 14. Qg4
Bxh2+ 15. Kh1 h5 16. Qxg7 Rg8 17. Qf6 Rg6 18. Qh8+ Ng8 19. Qxh5 Rh6 20. Rxe6+
Rxe6 21. Nxe6 Qxc2 22. Re1 Nf6 23. Kxh2 Nxh5 24. Nd4+ Kd7 25. Nxc2 Kd6 26. g4
Nf6 27. f3 Nh7 28. Nd4 Ng5 29. Kg2 f6 30. Nf5+ Kc6 31. Nf2 Rd8 32. Nd4+ Kd6 33.
f4 Nh7 34. Nf5+ Kc5 35. Re7 Nf8 36. Rxb7 Ne6 37. Kf3 d4 38. Rb3 Kc4 39. Rd3 Nc5
40. b3+ Kb5 41. Rxd4 Rh8 42. Rd6 1-0

[Event "2nd She Plays to Win"]
[Site "Edinburgh"]
[Date "2023.02.18"]
[Round "8.1"]
[White "Steil-Antoni, Fiona"]
[Black "Henderson De La Fuente, Andrea"]
[Result "1-0"]
[WhiteElo "2195"]
[BlackElo "1989"]
[PlyCount "67"]
[EventDate "2023.02.15"]
[EventType "tourn"]
[EventRounds "9"]
[EventCountry "SCO"]
[SourceTitle "BritBase"]
[Source "John Saunders"]
[SourceDate "2023.02.21"]
[SourceVersion "1"]
[SourceVersionDate "2023.02.21"]
[SourceQuality "1"]

1. e4 d6 2. d4 Nf6 3. Nc3 e5 4. Nge2 Be7 5. g3 c6 6. a4 a5 7. Bg2 Na6 8. O-O h5
9. h3 Nb4 10. f4 exd4 11. Nxd4 d5 12. e5 Ne4 13. Kh2 Bc5 14. Nce2 h4 15. g4 Ng3
16. Rf3 Nxe2 17. Nxe2 d4 18. f5 Qb6 19. Nf4 Qc7 20. c3 dxc3 21. bxc3 Qxe5 22.
cxb4 Qxa1 23. bxc5 O-O 24. Rd3 Qe5 25. Kh1 g6 26. fxg6 Be6 27. Nxe6 fxe6 28.
Qd2 Qg7 29. Qg5 Qa1 30. Qh6 Qg7 31. Be4 Rf1+ 32. Kg2 Qf6 33. Qh7+ Kf8 34. Bh6+
1-0

[Event "2nd She Plays to Win"]
[Site "Edinburgh"]
[Date "2023.02.18"]
[Round "8.2"]
[White "Arakhamia-Grant, Ketevan"]
[Black "Cooke, Suzie G"]
[Result "1-0"]
[WhiteElo "2320"]
[BlackElo "1941"]
[PlyCount "95"]
[EventDate "2023.02.15"]
[EventType "tourn"]
[EventRounds "9"]
[EventCountry "SCO"]
[SourceTitle "BritBase"]
[Source "John Saunders"]
[SourceDate "2023.02.21"]
[SourceVersion "1"]
[SourceVersionDate "2023.02.21"]
[SourceQuality "1"]

1. e4 e6 2. d4 d5 3. Nc3 Nf6 4. e5 Nfd7 5. f4 c5 6. Nf3 Nc6 7. Be3 a6 8. Qd2 b5
9. a3 Qb6 10. dxc5 Bxc5 11. Bf2 Bb7 12. Bd3 Bxf2+ 13. Qxf2 Qxf2+ 14. Kxf2 Nc5
15. b4 Nxd3+ 16. cxd3 Rc8 17. Rhc1 h5 18. Ne2 O-O 19. Ned4 Ne7 20. Ke3 g6 21.
g3 Kg7 22. Nd2 Nf5+ 23. Nxf5+ gxf5 24. Kd4 Kg6 25. Nb3 Rxc1 26. Rxc1 h4 27. Rc7
hxg3 28. hxg3 Bc8 29. Ke3 f6 30. Nd4 fxe5 31. fxe5 Kg5 32. Rg7+ Kh6 33. Re7 Rg8
34. Kf3 Rg7 35. Re8 Bd7 36. Ra8 Rg4 37. Ne2 d4 38. Rxa6 Kg6 39. Rd6 Bc8 40.
Rxd4 Rxd4 41. Nxd4 Bd7 42. Kf4 Kf7 43. Ne2 Bc6 44. Nc3 Bd7 45. d4 Ke7 46. d5
exd5 47. Nxd5+ Ke6 48. Ne3 1-0

[Event "2nd She Plays to Win"]
[Site "Edinburgh"]
[Date "2023.02.18"]
[Round "8.3"]
[White "Varney, Zoe"]
[Black "Rojickova, Monika"]
[Result "1/2-1/2"]
[WhiteElo "1937"]
[BlackElo "2101"]
[PlyCount "48"]
[EventDate "2023.02.15"]
[EventType "tourn"]
[EventRounds "9"]
[EventCountry "SCO"]
[SourceTitle "BritBase"]
[Source "John Saunders"]
[SourceDate "2023.02.21"]
[SourceVersion "1"]
[SourceVersionDate "2023.02.21"]
[SourceQuality "1"]

1. d4 d5 2. c4 c6 3. Nf3 Nf6 4. g3 dxc4 5. Bg2 b5 6. a4 Bb7 7. Ne5 Qb6 8. O-O
e6 9. e3 Be7 10. Bd2 a6 11. Nc3 O-O 12. b3 cxb3 13. Qxb3 Nbd7 14. Nd3 Rfb8 15.
Rfc1 a5 16. Ne4 Nxe4 17. Bxe4 c5 18. Bxb7 Rxb7 19. dxc5 Nxc5 20. Nxc5 Bxc5 21.
axb5 Qxb5 22. Qc2 Rc7 23. Qe4 Rcc8 24. Rcb1 Qc6 1/2-1/2

[Event "2nd She Plays to Win"]
[Site "Edinburgh"]
[Date "2023.02.18"]
[Round "8.4"]
[White "Head, Louise"]
[Black "Keetman, Maaike"]
[Result "1/2-1/2"]
[WhiteElo "2020"]
[BlackElo "2164"]
[PlyCount "39"]
[EventDate "2023.02.15"]
[EventType "tourn"]
[EventRounds "9"]
[EventCountry "SCO"]
[SourceTitle "BritBase"]
[Source "John Saunders"]
[SourceDate "2023.02.21"]
[SourceVersion "1"]
[SourceVersionDate "2023.02.21"]
[SourceQuality "1"]

1. d4 Nf6 2. c4 e6 3. Nf3 d5 4. Nc3 dxc4 5. e4 b5 6. e5 Nd5 7. Nxb5 Nb6 8. Be2
Nc6 9. O-O Be7 10. a3 O-O 11. Be3 Bb7 12. Qc2 Na5 13. Rad1 Qd7 14. Nc3 Qc6 15.
Ne1 Nd5 16. Nxd5 Qxd5 17. Bd2 Nc6 18. Be3 Na5 19. Bd2 Nc6 20. Be3 1/2-1/2

[Event "2nd She Plays to Win"]
[Site "Edinburgh"]
[Date "2023.02.18"]
[Round "8.5"]
[White "Hryshchenko, Kamila"]
[Black "Sucikova, Svetlana"]
[Result "0-1"]
[WhiteElo "2147"]
[BlackElo "2205"]
[PlyCount "58"]
[EventDate "2023.02.15"]
[EventType "tourn"]
[EventRounds "9"]
[EventCountry "SCO"]
[SourceTitle "BritBase"]
[Source "John Saunders"]
[SourceDate "2023.02.21"]
[SourceVersion "1"]
[SourceVersionDate "2023.02.21"]
[SourceQuality "1"]

1. e4 c6 2. d3 d5 3. Nd2 d4 4. c3 c5 5. Ngf3 dxc3 6. bxc3 Nc6 7. Rb1 Nf6 8. Nc4
g6 9. Qa4 Nd7 10. d4 Bg7 11. e5 cxd4 12. cxd4 O-O 13. Bf4 a6 14. Ne3 b5 15. Qc2
Qa5+ 16. Ke2 Bb7 17. Qb3 e6 18. h4 Nb6 19. Ng4 Nc4 20. Rd1 Nb4 21. Bd2 Nxd2 22.
Rxd2 Bd5 23. Qe3 Bc4+ 24. Kd1 Qa4+ 25. Kc1 Nxa2+ 26. Kb2 Qb4+ 27. Ka1 Nc3 28.
Bxc4 bxc4 29. Ra2 Rab8 0-1

[Event "2nd She Plays to Win"]
[Site "Edinburgh"]
[Date "2023.02.19"]
[Round "9.1"]
[White "Sucikova, Svetlana"]
[Black "Steil-Antoni, Fiona"]
[Result "1/2-1/2"]
[WhiteElo "2205"]
[BlackElo "2195"]
[PlyCount "43"]
[EventDate "2023.02.15"]
[EventType "tourn"]
[EventRounds "9"]
[EventCountry "SCO"]
[SourceTitle "BritBase"]
[Source "John Saunders"]
[SourceDate "2023.02.21"]
[SourceVersion "1"]
[SourceVersionDate "2023.02.21"]
[SourceQuality "1"]

1. e3 d5 2. Nf3 Nf6 3. c4 e6 4. b3 Be7 5. Bb2 O-O 6. Be2 c5 7. O-O Nc6 8. cxd5
exd5 9. d4 Be6 10. dxc5 Bxc5 11. Nc3 Qe7 12. Na4 Ba3 13. Nd4 Bxb2 14. Nxb2 Nxd4
15. Qxd4 b6 16. Nd3 Rac8 17. Rac1 Qa3 18. Qb2 Qxb2 19. Nxb2 Rxc1 20. Rxc1 Rc8
21. Rxc8+ Bxc8 22. Kf1 1/2-1/2